Spell the Marvel Character #328 - Statistics

General Stats
  • This quiz has been taken 10 times
  • The average score is 6 of 7
Answer Stats
Picture Answer % Correct
Okoye
100%
Doc Samson
90%
Mantis
90%
Old Lace
90%
Komodo
80%
Omega
80%
Koi Boi
70%
No matching quizzes found
Score Distribution
Percent of People with Each Score
Percentile by Number Answered
Your Score History
You have not taken this quiz